00765 a2200193 4500999001900000005001700019010001500036020003100051035001400082037001300096082001300109245010800122260005400230270008000284300003300364700002300397942002900420952012200449 c183212d18321220220221125912.0 aENG-130438 a978-93-91370-37-4c1495.00 aEN-113970 bDBAD/PUB a954.1b1 aState Vs. Society in Northeast India:bHistory, Politics and the Everyday/cEdited by G. Amarjit Sharma aNew DelhibSage Publications India Pvt Ltd.c2021 aB-I/I-I, Mohan Cooperative Industrial Area, Mathura RoadbNew Delhie110044 axv, 307p.c22cm (hbk)bIndex aSharma, G. Amarjit adplcEN2ddch954.1mSTA 001040708NFICaAVbAVd2021-12-20eDBAD/PUBg1495.00l0o954.1 STApEN-113970r2021-12-20 00:00:00t1v1495.00yEN